| Tag |
First Indicator |
Second Indicator |
Subfields |
| LEADER |
00000cam a2200000 i 4500 |
| 001 |
in00000069128 |
| 005 |
20151008051402.0 |
| 008 |
780405s1956 nyu 00010 eng |
| 010 |
|
|
|a 56001634
|
| 035 |
|
|
|a (OCoLC)03779755
|
| 035 |
|
|
|9 AAG7557AM
|
| 040 |
|
|
|a DLC
|c ERE
|d TXA
|d UtOrBLW
|
| 049 |
|
|
|a TXAM
|c [318854]
|
| 050 |
|
0 |
|a U39
|b .T87 1956
|
| 082 |
0 |
|
|a 355.09
|
| 092 |
|
|
|a 355.09
|b T946f, 1956
|
| 100 |
1 |
|
|a Turner, Gordon Brinkerhoff,
|d 1915-
|
| 245 |
1 |
2 |
|a A history of military affairs since the eighteenth century.
|
| 250 |
|
|
|a Rev. ed.
|
| 264 |
|
1 |
|a New York :
|b Harcourt, Brace,
|c [1956]
|
| 300 |
|
|
|a 738 pages ;
|c 24 cm.
|
| 336 |
|
|
|a text
|b txt
|2 rdacontent
|
| 337 |
|
|
|a unmediated
|b n
|2 rdamedia
|
| 338 |
|
|
|a volume
|b nc
|2 rdacarrier
|
| 500 |
|
|
|a First published in 1952 under title: A history of military affairs in Western society since the eighteenth century.
|
| 650 |
|
0 |
|a Military art and science
|x History.
|
| 650 |
|
0 |
|a Military history.
|
| 999 |
|
|
|a MARS
|
| 999 |
f |
f |
|s d9324f76-981d-3b96-a047-906d006375b9
|i 31aef24e-a69b-3ed3-9cc6-093025127a20
|t 0
|
| 952 |
f |
f |
|p ric
|a Texas A&M University
|b Rellis Campus
|c Joint Library Facility
|d Remote Storage
|t 0
|e U39 .T87 1956
|h Library of Congress classification
|i unmediated -- volume
|m A14800803227
|
| 998 |
f |
f |
|a U39 .T87 1956
|t 0
|l Remote Storage
|